000 00235nam a2200097Ia 4500
001 713335
005 20250826162844.0
008 250824s9999 xx 000 0 und d
245 0 _aSPİRİTUS
_cAYNUR BAŞKAN
260 _bPORTAKAL YAYINLARI
999 _c713335
_d713335